Statistics for Walking across Countries: Fill Map of Europe

Click here to take the quiz!

General Stats

  • This quiz has been taken 751 times
  • The average score is 34 of 41

Answer Stats

Country % Correct
⭐️Portugal
99%
⭐️Spain
99%
⭐️France
98%
Andorra
97%
Put one foot in {Monaco} and get back in {France}
95%
Russia
92%
⭐️Finland
92%
Norway
92%
⭐️Cross Øresund Bridge to reach {Sweden . N}
92%
⭐️Denmark
92%
⭐️Belgium
92%
⭐️Luxembourg
92%
⭐️Germany
91%
⭐️Netherlands
91%
⭐️Estonia
91%
⭐️Latvia . B
91%
Belarus
91%
⭐️Lithuania
91%
⭐️Poland . C
90%
⭐️Czech Republic
89%
⭐️Slovakia . H
87%
⭐️Hungary
86%
Ukraine
83%
Moldova
82%
⭐️Romania . S
82%
Serbia . M
80%
Macedonia
78%
⭐️Bulgaria
76%
⭐️Greece
76%
Albania
75%
Kosovo
73%
⭐️Croatia
72%
Montenegro
72%
Bosnia and Herzegovina
72%
⭐️Slovenia
71%
⭐️Austria
71%
Liechtenstein
68%
Switzerland
68%
⭐️Italy
68%
Vatican City
68%
Put one foot in {San Marino} and get back in {Italy}
66%

Score Distribution

Percentile by Number Answered

Percent of People with Each Score

Your Score History

You have not taken this quiz